Central Library OPAC University of Rajshahi

From critical to speculative idealism : (Record no. 29304)

MARC details
000 -LEADER
fixed length control field 00762cam a22002531 4500
001 - CONTROL NUMBER
control field 29304
003 - CONTROL NUMBER IDENTIFIER
rucl marc code BD-RjUL
005 - DATE AND TIME OF LATEST TRANSACTION
control field 20211209051409.0
008 - FIXED-LENGTH DATA ELEMENTS--GENERAL INFORMATION
fixed length control field 140403t1964 ne b 001 0 eng d
035 ## - SYSTEM CONTROL NUMBER
System control number (BD-RjUL)29389
System control number (OCoLC)519636
040 ## - CATALOGING SOURCE
Original cataloging agency DLC
Transcribing agency ODaWU
Modifying agency OCoLC
-- DLC
-- BD-RjUL
Language of cataloging eng
041 ## - LANGUAGE CODE
Language code of text/sound track or separate title eng
082 04 - DEWEY DECIMAL CLASSIFICATION NUMBER
Classification number 141
Author mark and year ATF 1964
100 1# - MAIN ENTRY--PERSONAL NAME
Personal name Atlas, Samuel H.
9 (RLIN) 89422
245 10 - TITLE STATEMENT
Title From critical to speculative idealism :
Remainder of title the philosophy of Solomon Maimon /
Statement of responsibility, etc. by Samuel Atlas.
260 ## - PUBLICATION, DISTRIBUTION, ETC. (IMPRINT)
Place of publication, distribution, etc. The Hague :
Name of publisher, distributor, etc. Nijhoff,
Date of publication, distribution, etc. c1964.
300 ## - PHYSICAL DESCRIPTION
Pagination 335 p. ;
Size 25 cm.
504 ## - BIBLIOGRAPHY, ETC. NOTE
Bibliography, etc includes Bibliographical reference and index.
600 10 - SUBJECT ADDED ENTRY--PERSONAL NAME
Personal name Maimon, Salomon,
Dates associated with a name 1754-1800.
942 ## - ADDED ENTRY ELEMENTS (KOHA)
Source of classification or shelving scheme Dewey Decimal Classification
Koha item type Books
Holdings
Lost status Source of classification or shelving scheme Damaged status Not for loan Collection code Permanent Location Current Location Shelving location Date acquired Source of acquisition Cost, normal purchase price Total Checkouts Full call number Date last seen Copy number Koha item type
  Dewey Decimal Classification   Added to bundle Non-fiction Central Library, University of Rajshahi Central Library, University of Rajshahi Reading Room 27/12/1968 zeithinger 63.00   141 ATF 1964 03/04/2014 C-1 Books